000 00908nam a2200289Ia 4500
003 OSt
005 20221007124544.0
006 a|||||r|||| 00| 0
007 ta
008 221006b |||||||| |||| 00| 0 eng d
020 _a9789381162729 (hbk)
024 _a191272
037 _b3740, 26/09/2014, Educational Book Agency (India)
_cTextual
040 _aCDL
_cCDL
_beng
041 _2eng
_aeng
082 _aE5:40aG:55, Q2-;2 Carc
100 _aAhluwalia V K
245 0 _aStrategies for green organic synthesis
260 _aNew
_bDelhi ANE Books
_c2012
300 _axvi, 352p.
_ccm.
500 _aIndex 347-352p.
650 _a Carbon - oxygen
_9719588
650 _a Green chemistry
_9713184
650 _aChemistry
942 _hE5:40aG:55, Q2-;2 Carc
_cTEXL
_2CC
999 _c1213724
_d1213724